Statistics for English Premier League Players to Score More than 20 Goals in a Season

Click here to take the quiz!

General Stats

  • This quiz has been taken 375 times
    (306 since last reset)
  • The average score is 19 of 41

Answer Stats

PlayerBest SeasonGoals Scored% Correct
Alan Shearer1945/9534
92%
Wayne Rooney2011/1227
89%
Harry Kane2017/1830
88%
Andy Cole1993/9434
80%
Frank Lampard2009/1022
78%
Sergio Aguero2014/1526
78%
Thierry Henry2003/0430
78%
Didier Drogba2009/1029
76%
Robin van Persie2011/1230
76%
Cristiano Ronaldo2007/0831
74%
Mohamed Salah2017/1832
70%
Luis Suarez2013/1431
67%
Ruud van Nistelrooy2002/0325
66%
Teddy Sheringham1992/9322
64%
Robbie Fowler1995/9628
61%
Dwight Yorke1999/200020
59%
Dimitar Berbatov2010/1120
56%
Jamie Vardy2015/1624
55%
Fernando Torres2007/0824
54%
Kevin Phillips1999/0030
49%
Carlos Tevez2009/1023
48%
Ian Wright1993/94 & 1996/9723
42%
Chris Sutton1993/9425
41%
Diego Costa2014/1520
41%
Jimmy Floyd Hasselbaink2000/01 & 2001/0223
41%
Les Ferdinand1995/9625
40%
Darren Bent2009/1024
39%
Daniel Sturridge2013/1421
37%
Emmanuel Adebayor2007/0824
27%
Matt Le Tissier1993/9425
27%
Yaya Toure2013/1420
25%
Gareth Bale2012/1321
21%
Andy Johnson2004/0521
20%
James Beattie2002/0323
20%
Mark Viduka2002/0320
16%
Louis Saha2003/0420
12%
Stan Collymore1994/9522
10%
Jurgen Klinsmann1994/9521
9%
Peter Beardsley1993/9421
7%
Alexis Sanchez2016/1724
2%
Romelu Lukaku2016/1725
2%

Score Distribution

Percentile by Number Answered

Percent of People with Each Score

Your Score History

You have not taken this quiz since the last reset